| 000 | 00633cam0a220022900 4500 | ||
|---|---|---|---|
| 001 | qce01100784 | ||
| 005 | 20190823083223.0 | ||
| 008 | 751113s1937 nyu 000 0 eng | ||
| 010 | _a 37028420 | ||
| 035 | _a(Sirsi) r10487 | ||
| 035 | _a(QCAT)lss01095504 | ||
| 035 | _a(UPRA)qce01100784 | ||
| 040 | _dUPRA | ||
| 050 | 0 |
_aPS3515.E18 _bT6 1937 |
|
| 082 | _a812.5 | ||
| 100 | 1 |
_aHecht, Ben, 1893-1964. _dHecht, Ben, 1893-1964. _6A64060.1 |
|
| 245 | 1 | 0 | _aTo Quito and back. |
| 260 |
_aNew York : _bCovici, Friede, _c[c1937] |
||
| 500 | _aA play. | ||
| 949 |
_aPS3515.E18 _wlcc _i-2247 _mMAIN _tBOOK _lON-SHELF |
||
| 004 | 10487 | ||
| 999 |
_c139355 _d139355 |
||